| 000 | 00532nam a2200193 a 4500 | ||
|---|---|---|---|
| 005 | 20140310183508.0 | ||
| 008 | 101002s19uu xx 00 eng d | ||
| 020 | _a9789814314336 | ||
| 050 |
_aHD 31 _b.D131n 2010 |
||
| 100 | _aDaft, Richard | ||
| 245 |
_aNew Era of management: _bconcepts and applications. / |
||
| 260 |
_aCanada : _bCengage Learning, _c2010. |
||
| 300 |
_a669 p. : _bill. ; _c24 cm. |
||
| 521 | _aBSBA | ||
| 546 | _aC11480 | ||
| 546 | _aC11487 | ||
| 650 | _aManagement-New generation. | ||
| 942 |
_cBK _2lcc _kFOR |
||
| 999 |
_c24107 _d24107 |
||